Pennsylvania County Seats - Statistics

General Stats
  • This quiz has been taken 84 times
  • The average score is 29 of 66
Answer Stats
County County Seat % Correct
Philadelphia Philadelphia
92%
Allegheny Pittsburgh
92%
Erie Erie
89%
York York
89%
Lancaster Lancaster
87%
Dauphin Harrisburg
84%
Lackawanna Scranton
82%
Lebanon Lebanon
76%
Lehigh Allentown
74%
Butler Butler
74%
Adams Gettysburg
71%
Beaver Beaver
68%
Bedford Bedford
68%
Washington Washington
68%
Luzerne Wilkes-Barre
68%
Indiana Indiana
63%
Berks Reading
63%
Somerset Somerset
63%
Lycoming Williamsport
63%
Chester West Chester
58%
Cumberland Carlisle
55%
Montgomery Norristown
55%
Clarion Clarion
53%
Northampton Easton
53%
Franklin Chambersburg
50%
Warren Warren
50%
Bucks Doylestown
45%
Schuylkill Pottsville
42%
Centre Bellefonte
39%
Hutingdon Huntingdon
39%
Lawrence New Castle
39%
Monroe Stroudsburg
39%
Blair Hollidaysburg
37%
Carbon Jim Thorpe
37%
Fayette Uniontown
37%
Columbia Bloomsburg
34%
Armstrong Kittanning
34%
Delaware Media
34%
Mercer Mercer
34%
Westmoreland Greensburg
32%
Clinton Lock Haven
32%
Potter Coudersport
29%
Montour Danville
29%
Venango Franklin
29%
Wayne Honesdale
29%
Crawford Meadville
29%
Northumberland Sunbury
29%
Cambria Ebensburg
26%
Fulton McConnellsburg
26%
Pike Milford
26%
Bradford Towanda
26%
Cameron Emporium
24%
Union Lewisburg
24%
Mifflin Lewistown
24%
Juniata Mifflintown
24%
Wyoming Tunkhannock
24%
Greene Waynesburg
24%
Forest Tionesta
21%
Snyder Middleburg
18%
Susquehanna Montrose
18%
Perry New Bloomfield
18%
Jefferson Brookville
16%
McKean Smethport
16%
Tioga Wellsboro
16%
Sullivan Laporte
13%
Elk Ridgway
13%
No matching quizzes found
Score Distribution
Percent of People with Each Score
Percentile by Number Answered
Your Score History
You have not taken this quiz